| 000 | 00932nam a22002297a 4500 | ||
|---|---|---|---|
| 005 | 20260202094745.0 | ||
| 008 | 220512b ||||| |||| 00| 0 eng d | ||
| 040 | _cAloy | ||
| 041 | _aeng | ||
| 082 |
_223 _a853.912 _bMORV |
||
| 100 |
_aAlberto Moravia _9253446 |
||
| 245 | _aVoyeur | ||
| 260 |
_aCalcutta: _bRupa & Co, _c1993. |
||
| 300 |
_avi,186p. _bPB _c20x13cm. |
||
| 365 |
_2English _b60.00 _c₹ _d60.00 |
||
| 520 | _aEdoardo, ex-left-wing militant turned professor of French, is a voyeur of life and love. Family and other problems haunt him, and he discovers that he has been unable to see for looking. By the Italian author of "The Woman of Rome" and "Contempt", whose books were banned during the years of fascism. | ||
| 650 |
_aItalian English Fiction _936438 |
||
| 650 |
_aItalian English Literature _936439 |
||
| 650 |
_aItalian Fiction Tr in English _936440 |
||
| 700 |
_aParks Tim Tr _936442 |
||
| 942 |
_2ddc _cGF |
||
| 999 |
_c222902 _d222902 |
||